| 000 | 01088nam a2200337 a 4500 | ||
|---|---|---|---|
| 001 | 000114401 | ||
| 003 | CHAP | ||
| 005 | 20220329144439.0 | ||
| 008 | 180119s1983 mx |r| ||||f|spa d | ||
| 010 | _a110862 | ||
| 011 | _a111834 | ||
| 020 | _a9681503074 | ||
| 040 | _cCHAP | ||
| 082 | 0 | 4 |
_a891.85 _bS57 |
| 100 | 1 |
_aSienkiewicz, Henryk, _d1846 - 1916 _9134395 |
|
| 245 | 1 | 0 |
_aQuo Vadis? / _cpor Enrique Sienkiewicz. |
| 260 |
_aMéxico, D. F. : _bEditores Mexicanos Unidos, _c1983. |
||
| 300 | _a392 p. | ||
| 490 | 0 | _aColección literaria universal | |
| 590 |
_aBATCH-UPD _b05 _c20180119 _lUCH01 _h0924 |
||
| 590 |
_aE11695DGD _b10 _c20180119 _lUCH01 _h1323 |
||
| 590 |
_aE11695DGD _b10 _c20180119 _lUCH01 _h1323 |
||
| 590 |
_aE11695DGD _b10 _c20180119 _lUCH01 _h1324 |
||
| 590 |
_aE5765TAJ _b05 _c20180119 _lUCH01 _h0923 |
||
| 650 | 1 | 4 |
_aIglesia _yHistoria de los primeros tiempos, ca. 30-600 _vNovela. _9134396 |
| 651 | 4 |
_aRoma _yHistoria _yNerón, 54-68 _vNovela _xHistoria. _9134397 |
|
| 830 | 0 |
_aColección literaria universal _924912 |
|
| 901 | _aBK | ||
| 942 | _cLIBRO | ||
| 942 | _n0 | ||
| 999 |
_c110862 _d110862 |
||